| 000 | 00571nam a2200205Ia 4500 | ||
|---|---|---|---|
| 003 | GCL | ||
| 008 | 140319s9999 xx 000 0 ara d | ||
| 040 |
_aGCL / _cGCL |
||
| 082 | 0 | 4 |
_a301 _bم ر |
| 100 | 1 | _aموران، ادغار | |
| 245 | 1 | 0 |
_aروح الزمان / _cموران، ادغار |
| 700 | 1 | _aانطون حمصى | |
| 300 | _a212 ص | ||
| 490 |
_aدراسات فكرية _v0 |
||
| 650 | 0 | 4 | _aالثقافة |
| 650 | 0 | 4 | _aالحياة الثقافية |
| 650 | 0 | 4 | _aالتغير الاجتماعى |
| 650 | 0 | 4 | _aالبرجوازية |
| 942 |
_2ddc _cBK |
||
| 999 |
_c48088 _d48088 |
||